El ramo de montes / (Record no. 20029)

MARC details
000 -LEADER
campo de control de longitud fija 01044nam a2200217 i 4500
001 - NÚMERO DE CONTROL
campo de control 20029
003 - IDENTIFICADOR DE NÚMERO DE CONTROL
campo de control ES-MaACL
005 - FECHA Y HORA DE LA ÚLTIMA TRANSACCIÓN
campo de control 20230906152222.0
007 - CAMPO FIJO DE DESCRIPCIÓN FÍSICA--INFORMACIÓN GENERAL
campo de control de longitud fija t|
008 - DATOS DE LONGITUD FIJA--INFORMACIÓN GENERAL
campo de control de longitud fija 021113s1890 sp ||||1| spa d
245 03 - MENCIÓN DEL TÍTULO
Título El ramo de montes /
Mención de responsabilidad, etc. por un forestal [rec.].
260 ## - PUBLICACIÓN, DISTRIBUCIÓN, ETC.
Lugar de publicación, distribución, etc. Madrid :
Nombre del editor, distribuidor, etc. [s.n.],
Fecha de publicación, distribución, etc. 1890 (
Fabricante Imp. de Moreno y Rojas)
300 ## - DESCRIPCIÓN FÍSICA
Extensión 22 p. ;
Dimensiones 25 cm.
500 ## - NOTA GENERAL
Nota general Un forestal es seud. de Primitivo Artigas y Teixidor.
530 ## - NOTA DISPONIBLE DE FORMULARIO FÍSICO ADICIONAL
Nota de formato físico adicional disponible Disponible en formato digital.
595 ## -
-- En port.: Artículos publicados en el periodico "El Globo", en los números de noviembre, diciembre de 1889, marzo y mayo del corriente año y empezados a reproducir en la "Revista de Montes" y en la "Revista de Montes y Plantíos"
650 #4 - PUNTO DE ACCESO ADICIONAL DE MATERIA--TÉRMINO DE MATERIA
Término de materia o nombre geográfico como elemento de entrada Ordenación de montes-
Subdivisión geográfica España.
9 (RLIN) 157009
852 ## - LOCALIZACIÓN
Ubicación ES-MaACL
Número de control de estantería T-831-F-1
Nota libre .- Enc. en un vol. facticio conservando la enc. original
-- .- Ded. ms. de Primitivo Artigas
852 ## - LOCALIZACIÓN
Ubicación ES-MaACL
Número de control de estantería T-1289-F-10
856 ## - LOCALIZACIÓN Y ACCESO ELECTRÓNICOS
Identificador Uniforme de Recursos <a href="http://bdh-rd.bne.es/viewer.vm?id=0000077952&page=1 ">http://bdh-rd.bne.es/viewer.vm?id=0000077952&page=1 </a>
Nota pública Biblioteca Digital Hispánica
Holdings
Estatus retirado Estado de pérdida Estado de daño No para préstamo Colección Biblioteca de origen Biblioteca actual Ubicación en estantería Fecha de adquisición Fuente de adquisición Total de préstamos Signatura topográfica completa Código de barras Visto por última vez Precio de reemplazo Tipo de ítem Koha
        Colección de folletos Biblioteca del Ateneo de Madrid Biblioteca del Ateneo de Madrid Depósito folletos 17/01/2008     T-1289-F-10 1020525 23/02/2023 23/02/2023 Folleto
        Colección de folletos Biblioteca del Ateneo de Madrid Biblioteca del Ateneo de Madrid Depósito folletos 17/01/2008     T-831-F-1 1020524 23/02/2023 23/02/2023 Folleto